|
|
|
|
| LEADER |
00000nam a2200000 a 4500 |
| 001 |
vtls008944112 |
| 003 |
SK-MaSNL |
| 005 |
20260301124731.0 |
| 008 |
070208s2006 fi ob f 000 0 eng |
| 020 |
|
|
|a (brož.)
|
| 040 |
|
|
|a SNK
|b slo
|c SNK
|e AACR2
|
| 041 |
0 |
|
|a eng
|
| 044 |
|
|
|a fi
|c FI
|
| 072 |
|
7 |
|a 930
|x Historická veda. Pomocné vedy historické. Archívnictvo
|2 konspekt
|
| 080 |
|
|
|a 930.85
|2 2001
|
| 080 |
|
|
|a 004
|2 2001
|
| 080 |
|
|
|a (062.534)
|2 2001
|
| 111 |
2 |
|
|a Why digitise? Who benefits? Impact assessment of digital cultural heritage content and services
|d (2006 :
|c Helsinki, Fínsko)
|9 473621
|
| 245 |
1 |
0 |
|a Why digitise? Who benefits? Impact assessment of digital cultural heritage content and services
|b Helsinki 12th October 2006 : conference programme
|
| 246 |
3 |
0 |
|a Who benefits?
|
| 246 |
3 |
0 |
|a Impact assessment of digital cultural heritage content and services
|
| 250 |
|
|
|a [1st ed.]
|
| 260 |
|
|
|a Helsinky
|b [s.n.]
|c 2006
|
| 300 |
|
|
|a 36 s.
|b fotogr., mp.
|c 25 cm
|
| 500 |
|
|
|a Názov z obalu
|
| 650 |
0 |
7 |
|a kultúrne dedičstvo
|2 SNKPH
|9 4195
|
| 650 |
0 |
7 |
|a digitalizácia
|2 SNKPH
|9 19296
|
| 655 |
|
7 |
|a zborníky konferencií
|2 SNKPH
|9 70153
|
| 999 |
|
|
|c 740296
|d 742226
|
| 952 |
|
|
|t snkDIG 025.135
|a SNKUST
|b SNKUST
|y PREZ
|7 0
|p 17A0509257
|o snkIC 134601
|i snk2007/3776
|8 1
|0 0
|1 0
|4 0
|d 2007-02-08
|l 0
|r 2025-04-30 00:00:00
|w 2026-02-23
|